00633 2200217 4500001002100000005001500021035002000036007000300056008004100059020002200100082001400122084002000136100001700156245009800173260004500271300002300316650002000339700002200359700002300381990001100404INLIS00000000000907820210622112233 a0010-0621000146ta210622 g 1 ind  a978-979-22-5539-3 a899.221 3 a899.221 3 LAN s0 aLANDY, Derek1 aSkulduggery Pleasant /cDerek Landy; alih bahasa, Yohanes Nursalam; editor, Primadonna Angela aJakarta :bGramedia Pustaka Utama,c2010 a280 hal. ;c20 cm. 4aFIKSI INDONESIA0 aYOHANES, Nursalam0 aPRIMADONNA, Angela a6184 a